| 000 | 00713nam a22002417a 4500 | ||
|---|---|---|---|
| 003 | UA-OsUOA | ||
| 001 | 72553 | ||
| 007 | ta | ||
| 008 | 20110124b un ||||| |||| 00| 0 ukr d | ||
| 100 | _aЩербакова Г. | ||
| 090 |
_a811.161.1 _bЩ61 |
||
| 942 | _cBK | ||
| 040 |
_aUA-OsUOA _brus _cUA-OsUOA _dUA-OsUOA |
||
| 245 |
_aСпартанки. Время ландшафтных дизайнов _bповести |
||
| 300 | _a320 с. | ||
| 955 | _a3 | ||
| 041 | _arus | ||
| 080 | _a811.161.1 | ||
| 020 | _a978-5-699-39259-9 | ||
| 260 |
_aМ. _bЭксмо _c2010 |
||
| 650 | 7 |
_a8 Мовознавство. Художня література. Літературознавство _2UDC |
|
| 999 |
_c358834 _d358834 |
||